| 000 | 00652nam a2200193 a 4500 | ||
|---|---|---|---|
| 003 | MX-MxUPN | ||
| 005 | 20240611110430.0 | ||
| 008 | 991125s1874 mx b r 000 0 spa d | ||
| 035 | _aUPN01000004936 | ||
| 040 |
_aMX-MxUPN _bspa _cMX-MxUPN |
||
| 041 | 0 | _aspa | |
| 050 | 1 | 4 |
_aLB1583 M6 _bG33 |
| 100 | 1 |
_aGarcía Cubas, Antonio, _d1832-1912 _930210 |
|
| 245 | 1 | 0 |
_aAtlas metódico para la enseñanza de la geografía de la República Mexicana / _cpor Antonio García Cubas. |
| 260 |
_aMéxico : _bSandoval y Vázquez, Impresores _c1874. |
||
| 300 |
_a54 páginas : _bmapas |
||
| 650 | 4 |
_aGeografía _xEstudio y enseñanza (Elemental) _92801 |
|
| 905 | _aLibro | ||
| 999 |
_c4936 _d4936 |
||